000 00543cam a22001457a 4500
008 180718b1966 xxu||||| |||| 00| 0 eng d
082 _aT1084x54 N213n
245 _aNCAER: research for development
_cby National Coucil of Applied Economic Research
260 _aNew Delhi
_bNational Council of Applied Economic Research
_c1966
300 _a83p.
500 _aOccasional Paper, 20
650 _aNational Council of Applied Economic Research
650 _aEconomics - Research - India
700 _aNational Council of Applied Economic Research
999 _c375374
_d375374